Types of NASCAR Tracks - Statistics

General Stats
  • This quiz has been taken 56 times
  • The average score is 4 of 5
Answer Stats
Track Type % Correct
Superspeedway
93%
Road Course
90%
Short Track
90%
Speedway
76%
Intermediate
54%
No matching quizzes found
Score Distribution
Percent of People with Each Score
Percentile by Number Answered
Your Score History
You have not taken this quiz